Atlas de história de Portugal (Registo nº 4075)

Detalhes MARC
000 -Etiqueta do registo
Cabeçalho 00798cam a2200277 4500
005 - Identificador da versão
Campo de controlo 20240813122052.0
095 ## -
-- PTBN00355832
010 ## - Número internacional normalizado dos livros (ISBN)
Número (ISBN) 9724106004
021 ## - Número do Depósito Legal
Código do país PT
Número 40457/90
100 ## - Dados gerais de processamento
Dados gerais de processamento 19120203d1991 m y0pory5003 ba
102 ## - Pais de publicação ou produção
País de publicação Portugal
101 0# - Língua de publicação
Língua do texto, banda sonora, etc. Português
105 ## - Campo de dados codificados: livros
Dados codificados dos livros af z 001yy
215 ## - Descrição física 
Indicação específica da natureza do documento e extensão da espécie 95, [2] p., 1 f. desdobr.
Outras indicações físicas muito il.
Dimensões 31 cm
200 1# - Titulo e menção de responsabilidade
Título próprio Atlas de história de Portugal
Primeira menção de responsabilidade A. do Carmo Reis
Outras menções de responsabilidade des. José Garcês
-- mapas Franklin Bastos
205 ## - Menção da edição
Menção da edição 4ª ed
210 ## - Publicação, Distribuição, etc. 
Lugar da edição, distribuição, etc. Porto
Nome do editor, distribuidor, etc. Asa
Data da publicação, distribuição, etc. 1991
675 ## - Classificação Decimal Universal (CDU)
Notação 946.9(084.3)
Edição BN
Língua da edição por
702 #1 - Nome de autor-pessoa física (responsabilidade secundária)
Número de registo de entrada de autoridade 0000205
Palavra de ordem Garcês
Outra parte do nome não tomada para palavra de ordem José
Datas 1928-
Código de função Ilustrador / Técnico de desenho computorizado
Número de registo de entrada de autoridade 0000618
Palavra de ordem Bastos
Outra parte do nome não tomada para palavra de ordem Franklin
Código de função Ilustrador / Técnico de desenho computorizado
700 #1 - Nome de autor-pessoa física (responsabilidade principal)
Número de registo de entrada de autoridade 0000605
Palavra de ordem Reis
Outra parte do nome não tomada para palavra de ordem António do Carmo
Datas 1942-
942 ## - Elementos de entrada adicionados (Koha)
Tipo de item no Koha Livro
Exemplares
Situação do levantamento Origin of item (home branch) (coded) Biblioteca de empréstimo Código de barras Cota Circulation type (not for loan) Tipo de documento Nota do exemplar Damaged status
  Biblioteca Escolar das Vendas Biblioteca Escolar das Vendas BEV831 9PT REI   Livro Sem mensagem